| 000 | 00966 a2200301 4500 | ||
|---|---|---|---|
| 001 | 73200 | ||
| 999 |
_c73200 _d21443 |
||
| 003 | TR-AnTOB | ||
| 005 | 20250616111202.0 | ||
| 008 | 081230s1998 nyu 00000 eng | ||
| 020 | _a0070359717 | ||
| 041 | _aeng | ||
| 050 | 0 |
_aTK2514 _b.B43 1998 |
|
| 090 | _aTK2514 .B43 1998 | ||
| 100 | 1 |
_aBeaty, H. Wayne _94611 |
|
| 245 | 0 |
_aElectric motor handbook / _cH. Wayne Beaty, James L. Kirtley, Jr. |
|
| 264 | 1 |
_aNew York : _bMcGraw-Hill, _cc1998. |
|
| 300 |
_axiv, 404 p. : _bill. ; _c24 cm. |
||
| 490 | 0 | _aMcGraw-Hill handbooks. | |
| 504 | _aIncludes bibliographical references and index. | ||
| 650 |
_aElektrik motorları _vEl kitapları vb. _950771 |
||
| 650 |
_aElectric motors _vHandbooks, manuals, etc. _950770 |
||
| 700 |
_aKirtley, James L. _950769 |
||
| 856 | 4 |
_uhttp://www.loc.gov/catdir/bios/mh041/98026055.html _3Contributor biographical information |
|
| 902 | _a0027281 | ||
| 903 | _aMerkez Kütüphane | ||
| 945 | _aCŞ, CS | ||
| 942 | _cBK | ||